[Event "AUTO-ADV-4936"]
[Site "http://www.queenalice.com/game.php?id=1873347"]
[Date "2026.5.13"]
[Round "1"]
[White "Carlos19"]
[Black "fbenevides2019"]
[Result "0-1"]
[WhiteElo "1655"]
[BlackElo "1800"]

1. e4 e5 2. Nf3 d6 3. Nc3 a6 4. Bc4 h6 5. d4 exd4 6. Nxd4 Nf6 7. h3 Qe7 8. Qf3
c5 9. Nde2 Nc6 10. Nd5 Nxd5 11. Bxd5 Ne5 12. Qa3 Qd7 13. f4 Ng6 14. f5 Ne7 15.
Bc4 Nc6 16. c3 b6 17. b4 Bb7 18. bxc5 bxc5 19. g4 Qe7 20. Ng3 Qh4 21. Kf2 Be7
22. Bf4 Ne5 23. Bd5 Bxd5 24. exd5 Nd3+ 25. Kg2 Nxf4+ 26. Kh2 Qxh3+ 27. Kg1 Qxg3+
28. Kf1 Qg2+ 29. Ke1 Qe2# 0-1

[Event "AUTO-ADV-4936"]
[Site "http://www.queenalice.com/game.php?id=1873362"]
[Date "2026.5.13"]
[Round "1"]
[White "maurice916"]
[Black "Carlos19"]
[Result "1-0"]
[WhiteElo "1911"]
[BlackElo "1636"]

1. Nf3 Nc6 2. b3 e5 3. e4 Nf6 4. d3 Bc5 5. Bb2 d6 6. h3 h6 7. Be2 a5 8. O-O O-O
9. c3 b5 10. Qc2 b4 11. c4 Nd4 12. Nxd4 exd4 13. Bc1 c6 14. f4 d5 15. e5 Nd7 16.
Nd2 Nb6 17. Bf3 Bf5 18. cxd5 Nxd5 19. Nc4 f6 20. Re1 Re8 21. Bd2 g5 22. Bxd5+
Kf8 23. Bxc6 fxe5 24. Bxa8 Qxa8 25. fxg5 hxg5 26. Nxe5 Qd5 27. Nf3 g4 28. Rxe8+
Kxe8 29. Re1+ Kd7 30. Ne5+ Kd6 31. Nc4+ Kc7 32. hxg4 Bxg4 33. Bf4+ Kc6 34. Nxa5+
Kb5 35. Qc4+ Qxc4 36. Nxc4 Bf5 37. Rd1 Bg4 38. Rd2 Kc6 39. Ne5+ 1-0

[Event "AUTO-ADV-4936"]
[Site "http://www.queenalice.com/game.php?id=1873363"]
[Date "2026.5.13"]
[Round "1"]
[White "Carlos19"]
[Black "maurice916"]
[Result "0-1"]
[WhiteElo "1641"]
[BlackElo "1906"]

1. e4 c6 2. Bc4 d5 3. exd5 cxd5 4. Bb5+ Bd7 5. Qe2 Nc6 6. Nf3 Nf6 7. h3 e6 8.
Ne5 Nxe5 9. Bxd7+ Nexd7 10. O-O Be7 11. d4 O-O 12. c4 b6 13. cxd5 Nxd5 14. Nc3
N7f6 15. Nxd5 Nxd5 16. a3 Bf6 17. Rd1 Qc7 18. b4 a6 19. Qd3 b5 20. Qg3 Qc2 21.
Bh6 Rfd8 22. Rdc1 Qg6 23. Qxg6 fxg6 24. Be3 Rac8 25. Rxc8 Rxc8 26. Rc1 Rxc1+ 27.
Bxc1 Bxd4 28. Kh1 Bxf2 29. g4 e5 30. Bg5 Nf4 31. Kh2 Nd3 32. Kg2 Bd4 33. Bd8 Bb2
34. Bc7 Bxa3 35. Bd6 Bxb4 36. Bxb4 Nxb4 37. h4 a5 38. Kf3 Kf7 39. Ke4 Ke6 40.
Ke3 Kd5 0-1

[Event "AUTO-ADV-4936"]
[Site "http://www.queenalice.com/game.php?id=1873374"]
[Date "2026.5.13"]
[Round "1"]
[White "Carlos19"]
[Black "EdsonEstevam"]
[Result "0-1"]
[WhiteElo "1661"]
[BlackElo "1719"]

1. e4 e5 2. Bc4 Bc5 3. Nf3 d6 4. Nc3 Bg4 5. O-O Nf6 6. h3 Bh5 7. a3 O-O 8. Nd5
c6 9. Nxf6+ Qxf6 10. b4 Bb6 11. Bb2 Bxf3 12. Qxf3 Qxf3 13. gxf3 Nd7 14. c3 Bd8
15. Kh2 Bh4 16. Be2 Rfe8 17. Bc1 Re6 18. d4 h6 19. d5 cxd5 20. exd5 Rg6 21. Bd3
Rf6 22. Be4 Rc8 23. Bd2 b5 24. Be3 a6 25. Bd2 Nb6 26. Be3 g6 27. Bxb6 Rxc3 28.
Bd8 Rf4 29. Bxh4 Rxh4 30. Kg3 Rh5 31. Rfc1 Rb3 32. Rc6 f5 33. Bc2 Rg5+ 34. Kh2
Rxf3 35. Rf1 Rh5 36. Rxd6 Rfxh3+ 37. Kg2 e4 38. f3 Rh2+ 39. Kg3 Rxc2 40. Rxg6+
Kf7 41. Rxa6 Rc3 42. d6 Rd3 43. Kf4 e3 44. Rc1 e2 45. Re1 Rd2 46. Ke3 Rd5 47.
Rxe2 Rg5 48. f4 Rg6 49. Rd2 Rg3+ 50. Ke2 Rg2+ 51. Ke3 Rgxd2 52. Ra7+ Ke6 53. Rh7
R5d3# 0-1

[Event "AUTO-ADV-4936"]
[Site "http://www.queenalice.com/game.php?id=1873375"]
[Date "2026.5.13"]
[Round "1"]
[White "EdsonEstevam"]
[Black "Carlos19"]
[Result "1-0"]
[WhiteElo "1677"]
[BlackElo "1693"]

1. e4 e5 2. Nf3 Nc6 3. Bc4 h6 4. d3 Nf6 5. O-O Bc5 6. Nc3 O-O 7. h3 d6 8. Re1
Bb4 9. Bd2 a5 10. Nd5 Bxd2 11. Qxd2 b5 12. Bxb5 Bb7 13. b3 Ba6 14. Bxc6 Rb8 15.
Qxa5 Bb7 16. Nxf6+ Qxf6 17. Bxb7 Rxb7 18. Nd2 Qd8 19. c3 c5 20. Qxd8 Rxd8 21. c4
g5 22. Nb1 Rf8 23. Nc3 f5 24. Nd5 f4 25. f3 Rff7 26. Kf2 h5 27. h4 gxh4 28. Rh1
Rh7 29. Nf6+ Kh8 30. Nxh7 Rxh7 31. Rxh4 Kg7 32. Rah1 Kg6 33. g3 fxg3+ 34. Kxg3
Rh6 35. Rg1 Kh7 36. Kf2 Kh8 37. a4 Rh7 38. a5 1-0

[Event "AUTO-OPEN-4652"]
[Site "http://www.queenalice.com/game.php?id=1873415"]
[Date "2026.5.15"]
[Round "1"]
[White "Carlos19"]
[Black "Jomaley"]
[Result "0-1"]
[WhiteElo "1549"]
[BlackElo "1569"]

1. e4 e5 2. Nf3 Bd6 3. Bc4 Nh6 4. d3 Qf6 5. Bg5 Qg6 6. Qd2 f6 7. Bxh6 gxh6 8.
O-O Nc6 9. Nh4 Qg7 10. Nf5 Qf8 11. Nxh6 Bb4 12. c3 Be7 13. Nf5 a6 14. Qe2 b5 15.
Qh5+ Kd8 16. Bd5 b4 17. Nxe7 Qxe7 18. Bxc6 dxc6 19. c4 c5 20. f4 exf4 21. Rxf4
a5 22. Qd5+ Qd7 23. Qxa8 Qd4+ 24. Rf2 Qxd3 25. Nd2 Qe3 26. Qd5+ Bd7 27. Qxc5
Qxc5 28. h3 Qe5 29. Rb1 f5 30. Nf3 Qxe4 31. Re1 Qxc4 32. b3 Qd5 33. Re5 Qd1+ 34.
Re1 Qd6 35. Rd2 Qc5+ 36. Nd4 Rf8 37. Rf1 f4 38. g4 fxg3 39. Rxf8+ Qxf8 40. Kg2
Qh6 41. Kxg3 Qxd2 42. Nf3 Qxa2 43. Nd4 c5 44. Nf3 Qxb3 45. Kf4 a4 46. h4 a3 47.
Nd2 Qc2 48. Ne4 a2 49. h5 a1=Q 50. Kg5 Qg7+ 51. Kf4 Qg4+ 52. Ke3 Qce2# 0-1

[Event "AUTO-ADV-4937"]
[Site "http://www.queenalice.com/game.php?id=1873688"]
[Date "2026.5.21"]
[Round "1"]
[White "Tonto"]
[Black "Carlos19"]
[Result "1-0"]
[WhiteElo "2017"]
[BlackElo "1573"]

1. e4 e5 2. Nf3 Nc6 3. Bc4 h6 4. d3 Nf6 5. Nc3 Bb4 6. Bd2 Nd4 7. Nxe5 O-O 8. Nd5
Nxd5 9. Bxd5 Bxd2+ 10. Qxd2 c6 11. Bc4 b5 12. Bxf7+ Rxf7 13. Nxf7 Kxf7 14. e5 g5
15. h4 gxh4 16. O-O-O c5 17. Qxh6 Nf5 18. Qh7+ Ng7 19. Rxh4 Qg5+ 20. Kb1 Qe7 21.
Rf4+ Ke6 22. Qg8+ Kxe5 23. Re4+ Kd6 24. Rxe7 Kxe7 25. Qxg7+ Kd6 26. Re1 b4 27.
Re8 Kc7 28. c4 a5 29. Qe5+ d6 30. Re7+ Bd7 31. Qd5 Re8 32. Rxe8 Bxe8 33. Qa8 Bc6
34. Qxa5+ Kd7 35. g4 Ke6 36. Qd8 Ke5 37. f4+ Ke6 38. f5+ Ke5 39. f6 Bf3 40. g5
Bh5 41. Qe7+ 1-0

[Event "AUTO-ADV-4937"]
[Site "http://www.queenalice.com/game.php?id=1873703"]
[Date "2026.5.21"]
[Round "1"]
[White "o3bor52"]
[Black "Carlos19"]
[Result "1-0"]
[WhiteElo "1787"]
[BlackElo "1571"]

1. e4 e5 2. Nf3 Nc6 3. Bb5 Bd6 4. c3 h6 5. O-O a6 6. Ba4 Nf6 7. Bc2 O-O 8. b3 b5
9. Bb2 a5 10. d4 b4 11. d5 bxc3 12. Nxc3 Ba6 13. Re1 Ne7 14. a3 Bc5 15. Na4 Ba7
16. Nxe5 d6 17. Nf3 h5 18. Bxf6 gxf6 19. Nh4 c6 20. Qxh5 Kg7 21. e5 fxe5 22.
Qh7+ Kf6 23. Qh6+ Ng6 24. g4 Rg8 25. Nxg6 fxg6 26. Nc3 c5 27. Ne4+ Ke7 28. Qh7+
Kf8 29. Re3 c4 30. Rf3+ Ke8 31. Qf7# 1-0

[Event "AUTO-INT-3957"]
[Site "http://www.queenalice.com/game.php?id=1873760"]
[Date "2026.5.21"]
[Round "2"]
[White "EdsonEstevam"]
[Black "Carlos19"]
[Result "1-0"]
[WhiteElo "1818"]
[BlackElo "1563"]

1. e4 e5 2. Nf3 Nc6 3. Bb5 a6 4. Bxc6 bxc6 5. Nxe5 Qe7 6. Nd3 Qxe4+ 7. Qe2 d5 8.
Nc3 Qxe2+ 9. Nxe2 Bf5 10. Ne5 Bxc2 11. Nxc6 Kd7 12. Ne5+ Ke7 13. O-O f6 14. Nc6+
Kd6 15. Ned4 Bg6 16. Re1 Kc5 17. b3 a5 18. Ba3+ Kb6 19. Bxf8 Rxf8 20. a3 Be8 21.
Ne6 Rf7 22. Ned4 Bxc6 23. Re6 Ne7 24. h3 Kc5 25. Nc2 Bd7 26. Ra6 Nc6 27. Rc1 Kd6
28. d4 a4 29. b4 Ke6 30. Re1+ Kd6 31. b5 Re8 32. bxc6 Rxe1+ 33. Nxe1 Bxc6 34.
Nd3 f5 35. Nb4 Kd7 36. Nxc6 Rf6 37. Ne5+ Ke7 38. Rxa4 g5 39. Ra7 Kd6 40. a4 h5
41. Ra6+ Ke7 42. Ra7 g4 43. hxg4 fxg4 44. Rxc7+ Kd8 45. Rc3 Ra6 46. a5 Ke8 47.
Rc5 Rd6 48. a6 Rxa6 49. Rxd5 Ra1+ 50. Kh2 Rf1 51. Kg3 Ke7 52. Ng6+ Ke6 53. Rxh5
Rd1 54. d5+ Kd6 55. Nf4 Ra1 56. Kxg4 Rf1 57. f3 Re1 58. Kf5 Re5+ 59. Kf6 Re3 60.
Rh3 Re1 61. g4 Kd7 62. g5 Rg1 63. g6 Ke8 64. g7 Kd8 65. Rh8+ Kd7 66. g8=Q Rxg8
67. Rxg8 Kd6 68. Rg5 Kd7 69. Ke5 Ke7 70. d6+ 1-0

[Event "AUTO-INT-3957"]
[Site "http://www.queenalice.com/game.php?id=1873761"]
[Date "2026.5.21"]
[Round "2"]
[White "Carlos19"]
[Black "EdsonEstevam"]
[Result "0-1"]
[WhiteElo "1603"]
[BlackElo "1760"]

1. e4 e5 2. Nf3 Nc6 3. Bc4 h6 4. d3 Nf6 5. Nc3 a6 6. a4 Bb4 7. Bd2 d6 8. Nd5
Bxd2+ 9. Nxd2 O-O 10. h3 Be6 11. O-O Re8 12. f4 exf4 13. Rxf4 Ne7 14. Nxe7+ Qxe7
15. Bxe6 Qxe6 16. g4 Qe5 17. Qf1 Qxb2 18. Qd1 Qc3 19. Rb1 b6 20. Nc4 b5 21. axb5
axb5 22. Nd2 Re5 23. Nf3 Re6 24. Kh2 Nh7 25. h4 Nf6 26. g5 Nh5 27. Rg4 Ra5 28.
Rb3 Qc6 29. Nd4 Qc5 30. Nxe6 Qf2+ 31. Kh1 Ng3+ 32. Rxg3 Qxg3 33. d4 Qxh4+ 34.
Kg2 fxe6 35. gxh6 Qg5+ 36. Rg3 Qxh6 37. Qg4 Ra2 38. Qd1 b4 39. Qb1 Qd2+ 40. Kh3
Rxc2 41. Qg1 Qh6+ 42. Kg4 Re2 43. Kf3 Ra2 44. Rg2 b3 45. Qb1 Qh3+ 46. Rg3 Qh5+
47. Rg4 Rh2 48. Kf4 Rf2+ 49. Kg3 Qh2# 0-1

[Event "AUTO-INT-3957"]
[Site "http://www.queenalice.com/game.php?id=1873764"]
[Date "2026.5.21"]
[Round "2"]
[White "Carlos19"]
[Black "jenyasm"]
[Result "1-0"]
[WhiteElo "1557"]
[BlackElo "1718"]

1. e4 e5 2. Nf3 Nc6 3. Bb5 d6 4. d4 Bd7 5. d5 Nce7 6. Bxd7+ Qxd7 7. c4 Qg4 8.
O-O Ng6 9. Qe2 Nf4 10. Bxf4 Qxf4 11. g3 Qf6 12. Nc3 a6 13. b4 Ne7 14. c5 Ng6 15.
c6 bxc6 16. dxc6 Be7 17. Nd5 O-O 18. Nxf6+ Bxf6 19. b5 axb5 20. Qxb5 Ne7 21. a4
Rfb8 22. Qc4 Rb6 23. a5 Rxc6 24. Qb5 Rca6 25. Rfc1 c6 26. Qb7 h6 27. Rcb1 c5 28.
Qb5 Nc6 29. Rd1 Be7 30. h4 Rxa5 31. Rxa5 Nxa5 32. Qd7 Bf8 33. Nd2 c4 34. f4 exf4
35. gxf4 c3 36. Nf3 Nb3 37. Qb5 Ra3 38. Ne1 Nd2 39. Nc2 Rb3 40. Qd3 Be7 41. h5
Kf8 42. e5 dxe5 43. fxe5 Bg5 44. Kg2 Ke7 45. Qd6+ Ke8 46. Qc6+ Kf8 47. Nd4 Rb1
48. Rxb1 Nxb1 49. Qc5+ Kg8 50. Qb4 Nd2 51. Qxc3 1-0

[Event "AUTO-INT-3957"]
[Site "http://www.queenalice.com/game.php?id=1873765"]
[Date "2026.5.21"]
[Round "2"]
[White "jenyasm"]
[Black "Carlos19"]
[Result "1-0"]
[WhiteElo "1721"]
[BlackElo "1573"]

1. e4 e5 2. Nf3 Nc6 3. Nc3 Nf6 4. d3 Bb4 5. Bd2 h6 6. a3 Bc5 7. Na4 Be7 8. h3 b5
9. Nc3 a6 10. Be2 b4 11. axb4 Nxb4 12. Na2 c5 13. Nxb4 cxb4 14. O-O a5 15. b3 d5
16. exd5 Qxd5 17. Be3 O-O 18. Nd2 Qd6 19. Bf3 Rb8 20. Rxa5 Bb7 21. Bxb7 Rxb7 22.
Qf3 Rb6 23. Bxb6 Qxb6 24. Ra8 Rxa8 25. Qxa8+ Bf8 26. Qc8 g5 27. Nc4 Qc5 28. Qxc5
Bxc5 29. Nxe5 h5 30. Nf3 g4 31. hxg4 hxg4 32. Nd2 Nd5 33. g3 f5 34. Re1 Kf7 35.
Re5 Kf6 36. Rxd5 Be7 37. Nf1 Ke6 38. Ne3 Bf8 39. Rxf5 Bc5 40. Rf4 Bxe3 41. fxe3
Ke5 42. Rxg4 Kd5 43. Rxb4 Kd6 44. Re4 Kc6 45. g4 1-0

[Event "AUTO-INT-3935"]
[Site "http://www.queenalice.com/game.php?id=1873770"]
[Date "2026.5.21"]
[Round "2"]
[White "renet54"]
[Black "Carlos19"]
[Result "1-0"]
[WhiteElo "1500"]
[BlackElo "1631"]

1. d4 Nf6 2. Bf4 Nc6 3. Nf3 d6 4. e3 Bg4 5. Be2 h6 6. Nc3 d5 7. O-O g5 8. Bg3 h5
9. Nb5 Rc8 10. Nxg5 a6 11. Nxf7 Kxf7 12. f3 Bf5 13. c3 axb5 14. Qb3 Na5 15. Qxb5
b6 16. Bxc7 Qxc7 17. b4 Qxc3 18. bxa5 bxa5 19. Qb6 Qxe3+ 20. Kh1 Qxe2 21. Rae1
Qxa2 22. Qb7 h4 23. g4 Bd7 24. g5 Qa4 25. gxf6 Kxf6 26. Qxd5 e6 27. Qe5+ Ke7 28.
Qxh8 Rc6 29. Qxh4+ Kd6 30. Qf4+ Kd5 31. Qxf8 Rc4 32. Re5+ Kxd4 33. Qf4+ Kc3 34.
Qe3+ Kb4 35. Rb1+ Qb3 36. Qxb3# 1-0

[Event "AUTO-INT-3935"]
[Site "http://www.queenalice.com/game.php?id=1873771"]
[Date "2026.5.21"]
[Round "2"]
[White "Carlos19"]
[Black "renet54"]
[Result "1/2-1/2"]
[WhiteElo "1648"]
[BlackElo "1514"]

1. e4 e5 2. Nf3 Nf6 3. Bd3 Bc5 4. h3 O-O 5. a3 d6 6. Nc3 Nc6 7. O-O Be6 8. b4
Bb6 9. b5 Nd4 10. a4 Qd7 11. Ne2 Bxh3 12. Nfxd4 Bxg2 13. Kxg2 Bxd4 14. Nxd4 exd4
15. f4 Rae8 16. Qe2 Ng4 17. Qf3 Qe6 18. f5 Qf6 19. Qxg4 Re7 20. Qh3 Qg5+ 21. Kh2
d5 22. Ba3 Qxd2+ 23. Kg3 Qe3+ 24. Rf3 Qg5+ 25. Qg4 Qxg4+ 26. Kf2 dxe4 27. Rg3
Qf4+ 1/2-1/2